State, Pluralism, and the Indian Hisorical Tradition/ (Record no. 31981)

MARC details
000 -LEADER
fixed length control field 01412cam a22003374a 4500
005 - DATE AND TIME OF LATEST TRANSACTION
control field 20070926145428.0
008 - FIXED-LENGTH DATA ELEMENTS--GENERAL INFORMATION
fixed length control field 060413s2006 ilu b 001 0 eng
010 ## - LCCN (DPL NO)
LC control number ENG-95523
020 ## - INTERNATIONAL STANDARD BOOK NUMBER
International Standard Book Number 9780198064206
Terms of availability 295.00
020 ## - INTERNATIONAL STANDARD BOOK NUMBER
International Standard Book Number 0198064209
Terms of availability 295.00
035 ## - SYSTEM CONTROL NUMBER
System control number EN-79056
037 ## - SOURCE OF ACQUISITION
Stock number DBAD/PUB
040 ## - CATALOGING SOURCE
Original cataloging agency DPL
082 ## - DEWEY DECIMAL CLASSIFICATION NUMBER
Classification number 320.954
100 ## - MAIN ENTRY--PERSONAL NAME
Personal name Chandra, Satish
245 ## - TITLE STATEMENT
Title State, Pluralism, and the Indian Hisorical Tradition/
Statement of responsibility, etc by Satish Chandra
260 ## - PUBLICATION, DISTRIBUTION, ETC. (IMPRINT)
Place of publication, distribution, etc New Delhi
Name of publisher, distributor, etc Oxrofd India University Press,
Date of publication, distribution, etc 2009
300 ## - PHYSICAL DESCRIPTION
Extent viii, 196 p. ;
Dimensions 22 cm.(Pbk)
500 ## - GENERAL NOTE
General note Expanded and revised edition of Gandhi : the traditional roots of charisma, 1983.
504 ## - BIBLIOGRAPHY, ETC. NOTE
Bibliography, etc Includes index.
650 ## - SUBJECT ADDED ENTRY--TOPICAL TERM
Topical term or geographic name as entry element Cultural pluralism
Geographic subdivision India
650 ## - SUBJECT ADDED ENTRY--TOPICAL TERM
Topical term or geographic name as entry element Bhakti
650 ## - SUBJECT ADDED ENTRY--TOPICAL TERM
Topical term or geographic name as entry element Sufisam
Geographic subdivision India
651 ## - SUBJECT ADDED ENTRY--GEOGRAPHIC NAME
Geographic name India
General subdivision Politics and government
651 ## - SUBJECT ADDED ENTRY--GEOGRAPHIC NAME
Geographic name India
General subdivision Social conditions
651 ## - SUBJECT ADDED ENTRY--GEOGRAPHIC NAME
Geographic name India
General subdivision Economics conditions
856 ## - ELECTRONIC LOCATION AND ACCESS
Uniform Resource Identifier <a href="http://www.loc.gov/catdir/enhancements/fy0707/2006045545-t.html">http://www.loc.gov/catdir/enhancements/fy0707/2006045545-t.html</a>
942 ## - ADDED ENTRY ELEMENTS (KOHA)
Source of classification or shelving scheme Dewey Decimal Classification
Item type English Books
Call number suffix CHA
Classification part 320.954
Holdings
Withdrawn status Lost status Source of classification or shelving scheme Damaged status Not for loan Collection code Home library Current library Date acquired Source of acquisition Cost, normal purchase price Total Checkouts Full call number Barcode Date last seen Copy number Cost, replacement price Koha item type
    Dewey Decimal Classification   Not For Loan Non-fiction D.B.Act.Division D.B.Act.Division 21/11/2009 DBAD / PUB 295.00   320.954 CHA EN-79056 21/11/2009 1 295.00 English Books

© Delhi Public Library
Hit Counter
free hit counter